Économie générale
Salvato in:
| Autore principale: | |
|---|---|
| Ente Autore: | |
| Natura: | Libro |
| Lingua: | francese |
| Pubblicazione: |
Bratislava
Vydavateľstvo Ekonóm
2003
|
| Soggetti: | |
| Tags: |
Nessun Tag, puoi essere il primo ad aggiungerne!!
|
MARC
| LEADER | 00000nam a2200000 4500 | ||
|---|---|---|---|
| 001 | c144059 | ||
| 005 | 20221108125153.8 | ||
| 020 | |a 80-225-1706-2 | ||
| 041 | 0 | |a fre | |
| 044 | |a SK | ||
| 245 | 1 | 0 | |a Économie générale |c Magdaléna Přívarová |
| 264 | 1 | |a Bratislava |b Vydavateľstvo Ekonóm |c 2003 | |
| 300 | |a 271 s. | ||
| 610 | 2 | 0 | |a ekonómia |
| 610 | 2 | 0 | |a trh |
| 610 | 2 | 0 | |a obchod |
| 610 | 2 | 0 | |a teórie ekonomické |
| 610 | 2 | 0 | |a výroba |
| 610 | 2 | 0 | |a makroekonomika |
| 610 | 2 | 0 | |a politika peňažná |
| 610 | 2 | 0 | |a politika rozpočtová |
| 610 | 2 | 0 | |a politika hospodárska medzinárodná |
| 610 | 2 | 0 | |a integrácia ekonomická medzinárodná |
| 610 | 2 | 0 | |a inflácia |
| 100 | 1 | |a Přívarová, Magdaléna, 1955- | |
| 710 | 2 | |a Ekonomická univerzita v Bratislave. Národohospodárska fakulta | |